Partial differential equations (Record no. 109205)

MARC details
000 -LEADER
fixed length control field 00378nam a2200145Ia 4500
008 - FIXED-LENGTH DATA ELEMENTS--GENERAL INFORMATION
fixed length control field 230917s9999||||xx |||||||||||||| ||und||
040 ## - CATALOGING SOURCE
-- 99735
Original cataloging agency VIVEKANANDA LIBRARY
041 ## - Language
-- English
082 ## - DDC NUMBER
Classification number 515.353 E15P
100 ## - MAIN ENTRY--PERSONAL NAME
Personal name Evans, Lawrence C
245 #0 - TITLE STATEMENT
Title Partial differential equations
260 ## - PUBLICATION, DISTRIBUTION, ETC. (IMPRINT)
Place of publication, distribution, etc Providence
Name of publisher, distributor, etc American Mathematical Society
Date of publication, distribution, etc 1998
300 ## - PHYSICAL DESCRIPTION
Pages 662 p.
942 ## - ADDED ENTRY ELEMENTS (KOHA)
Koha item type Books
Holdings
Withdrawn status Lost status Damaged status Not for loan Location (home branch) Sublocation or collection (holding branch) Date acquired Koha issues (times borrowed) Koha full call number Accession No. Koha date last seen Koha item type
        VIVEKANANDA LIBRARY VIVEKANANDA LIBRARY 15/11/2003 2 515.353 E15P 195941 06/08/2024 Books
        VIVEKANANDA LIBRARY VIVEKANANDA LIBRARY 15/11/2003 1 515.353 E15P 195942 08/04/2024 Books
        VIVEKANANDA LIBRARY VIVEKANANDA LIBRARY 15/11/2003   515.353 E15P 212642 17/09/2023 Books
        VIVEKANANDA LIBRARY VIVEKANANDA LIBRARY 15/11/2003 1 515.353 E15P 212678 01/06/2024 Books
        VIVEKANANDA LIBRARY VIVEKANANDA LIBRARY 15/11/2003   515.353 E15P 212679 17/09/2023 Books
        VIVEKANANDA LIBRARY VIVEKANANDA LIBRARY 15/11/2003   515.353 E15P 214950 17/09/2023 Books
        VIVEKANANDA LIBRARY VIVEKANANDA LIBRARY 15/11/2003   515.353 E15P 254784 17/09/2023 Books
        VIVEKANANDA LIBRARY VIVEKANANDA LIBRARY 15/11/2003   515.353 E15P 254785 17/09/2023 Books
© Designed and Maintained by Vivekananda Library, MDU Rohtak